000 00282nam a22001337a 4500
008 181023b xxu||||| |||| 00| 0 eng d
020 _a9785090089609
041 _aeng
080 _a531
100 _a42
101 _aFIZ
245 _aCollege Physics
_cADA.j
942 _2udc
_cBK
999 _c50604
_d50604